[Event "Ruhrgebiet Verbandsliga Gruppe 2 1718"]
[Site "Germany"]
[Date "2018.03.18"]
[Round "8.7"]
[White "Haberl, Ingo"]
[Black "Jochmann, Christian"]
[Result "1/2-1/2"]
[WhiteElo "1365"]
[BlackElo "1805"]
[PlyCount "31"]
[EventDate "2017.09.17"]
[EventType "team-tourn"]
[EventRounds "9"]
[EventCountry "GER"]
[SourceTitle "EXT 2022"]
[Source "ChessBase"]
[SourceDate "2021.10.06"]
[SourceVersion "1"]
[SourceVersionDate "2021.10.06"]
[SourceQuality "1"]
[WhiteTeam "Holsterhausen SK"]
[BlackTeam "Brambauer"]
[WhiteTeamCountry "GER"]
[BlackTeamCountry "GER"]

1. e4 c5 2. Nf3 e6 3. c3 d5 4. e5 Nc6 5. d4 Qb6 6. Be2 Bd7 7. 0-0 f6 8. Qb3 Qxb3 9. axb3 cxd4 10. cxd4 Bb4 11. Bd2 Nge7 12. Bxb4 Nxb4 13. Nc3 0-0 14. Rfc1 Rfc8 15. g3 Ng6 16. h4 1/2-1/2